Felix Mendelssohn : letters /

Bibliographic Details
Main Author: Mendelssohn-Bartholdy, Felix, 1809-1847
Other Authors: Selden-Goth, Gisella, 1884-1975 (Editor)
Format: Book
Language:English
Published: New York : Vienna House, [1973]
Subjects:

MARC

Tag First Indicator Second Indicator Subfields
LEADER 00000cam a2200000I 4500
001 in00002016010
005 20151031160335.0
008 740207s1973 nyua 000 0 eng d
035 |a (OCoLC)ocm00792809 
040 |a CBY  |c CBY  |d OCLCQ  |d TXA  |d UtOrBLW 
049 |a TXAM 
090 |a ML410.M5  |b A28 1973 
100 1 |a Mendelssohn-Bartholdy, Felix,  |d 1809-1847. 
245 1 0 |a Felix Mendelssohn :  |b letters /  |c edited by G. Selden-Goth. 
246 3 0 |a Letters 
264 1 |a New York :  |b Vienna House,  |c [1973] 
300 |a 372 pages :  |b illustrations ;  |c 21 cm. 
336 |a text  |b txt  |2 rdacontent 
337 |a unmediated  |b n  |2 rdamedia 
338 |a volume  |b nc  |2 rdacarrier 
504 |a "Sources": pages 367-[368]. 
536 |a From the Howard Mayer Brown, Edward Downes and Mary Schieffelin book collections, October 2004. 
650 0 |a Musicians  |v Correspondence. 
700 1 |a Selden-Goth, Gisella,  |d 1884-1975,  |e editor. 
948 |a cataloged  |b h  |c 2005/1/6  |d c  |e mphillip  |f 4:40:04 pm 
994 |a E0  |b TXA 
999 |a MARS 
999 f f |s 0c5495bc-873f-3b5c-a6f1-d55992ad1326  |i 88b14329-cb7e-3071-a66b-107866813df6  |t 0 
952 f f |p ric  |a Texas A&M University  |b Rellis Campus  |c Joint Library Facility  |d Remote Storage  |t 0  |e ML410.M5 A28 1973  |h Library of Congress classification  |i unmediated -- volume  |m A14831728395 
952 f f |p storage  |a Texas A&M University  |b J.J. Pickle Campus  |c High Density Repository  |d Remote Storage  |t 0  |e ML410.M5 A28 1973  |h Library of Congress classification  |i unmediated -- volume  |m A14831673304 
998 f f |a ML410.M5 A28 1973  |t 0  |l Remote Storage 
998 f f |a ML410.M5 A28 1973  |t 0  |l Remote Storage